000
00274 a2200145 4500
001
61749
020
_a
040
_c
Anchieta - Pituba
240
1
0
_a
Caderno 03
_l
por
245
1
0
_a
Caderno 03
300
_a
362
0
_a
2012
650
4
_a
Ensino superior
942
_c
BK
999
_c
61749
_d
61749